[Event "EU-ch Amateur Online Final 1400/1700"]
[Site "Tornelo INT"]
[Date "2021.04.18"]
[Round "3"]
[White "Dereka, Konstantina"]
[Black "Akpolat, Arda"]
[Result "0-1"]
[WhiteElo "1591"]
[BlackElo "1094"]
[PlyCount "64"]
[EventDate "2021.04.18"]
[EventType "swiss (rapid)"]
[EventRounds "9"]
[EventCountry "NET"]
[SourceTitle "EXT 2023"]
[Source "ChessBase"]
[SourceDate "2022.10.05"]
[SourceVersion "1"]
[SourceVersionDate "2022.10.05"]
[SourceQuality "1"]

1. d4 d5 2. c4 c6 3. Nc3 Nf6 4. Bg5 e6 5. Nf3 Be7 6. e3 0-0 7. Qc2 Nbd7 8. Rd1 Qc7 9. a3 dxc4 10. Bxc4 e5 11. 0-0 exd4 12. exd4 Nb6 13. Bd3 h6 14. Bh4 Bg4 15. Bg3 Qd8 16. Be2 Bxf3 17. Bxf3 Nbd5 18. Na4 Bd6 19. Bh4 Qc7 20. Nc5 Bxh2+ 21. Kh1 Qf4 22. Bxf6 Nxf6 23. g3 Qxf3+ 24. Kxh2 Qh5+ 25. Kg2 Ng4 26. Rh1 Qd5+ 27. Qe4 Qxe4+ 28. Nxe4 f5 29. Nd6 b6 30. Nc4 Rad8 31. Ne5 Nxe5 32. dxe5 Kf7 0-1